000 00312nam a22001337a 4500
003 SGT
082 _a616.89
_bO09K
100 _aKERNICK, DAVID
245 _aOXFORD CARE MANUAL HEAD A CHE: A PRACTICAL MANUAL
260 _aNEW YORK
_bOXFORD
_c2009
300 _a320
650 _aPSYCHOLOGY
942 _2ddc
_cBK
999 _c14526
_d14526